|
|
|
|
| LEADER |
00000naa2a2200000 4500 |
| 001 |
420166 |
| 005 |
20231101073333.0 |
| 035 |
|
|
|a (RuTPU)RU\TPU\prd\77652
|
| 035 |
|
|
|a RU\TPU\prd\32590
|
| 090 |
|
|
|a 420166
|
| 100 |
|
|
|a 20100302a2004 k y0rusy50 ca
|
| 101 |
0 |
|
|a rus
|
| 102 |
|
|
|a RU
|
| 200 |
1 |
|
|a О концентрированной зависимости квантового выхода сенсибилизированной фосфоресценции нафталина в толуоле при 77 К
|f М. И. Дерябин, А. Б. Тищенко
|
| 225 |
1 |
|
|a Оптика и спектроскопия
|
| 320 |
|
|
|a Библиогр.: 8 назв.
|
| 461 |
|
1 |
|0 (RuTPU)RU\TPU\prd\191
|x 0021-3411
|t Известия вузов. Физика
|f Министерство общего и профессионального образования Российской Федерации ; Томский Госуниверситет
|d 1958-
|
| 463 |
|
1 |
|0 (RuTPU)RU\TPU\prd\77651
|t Т. 47, № 10
|v с. 3-6
|d 2004
|
| 610 |
1 |
|
|a нафталин
|
| 610 |
1 |
|
|a донор бензофенов
|
| 610 |
1 |
|
|a концентрационная зависимость
|
| 610 |
1 |
|
|a квантовый выход
|
| 610 |
1 |
|
|a сенсмбилизированная фосфоресценция
|
| 610 |
1 |
|
|a тулуольные растворы
|
| 610 |
1 |
|
|a стеклообразный тулуол
|
| 675 |
|
|
|a 535.373.2
|v 3
|
| 700 |
|
1 |
|a Дерябин
|b М. И.
|
| 701 |
|
1 |
|a Тищенко
|b А. Б.
|
| 801 |
|
1 |
|a RU
|b 63413507
|c 20050209
|g PSBO
|
| 801 |
|
2 |
|a RU
|b 63413507
|c 20101109
|g RCR
|
| 942 |
|
|
|c BK
|